50 philosophy ideas you really need to know / (Record no. 1798)

MARC details
000 -LEADER
fixed length control field 02237cam a22004935i 4500
001 - CONTROL NUMBER
control field data
005 - DATE AND TIME OF LATEST TRANSACTION
control field 20260322212118.0
008 - FIXED-LENGTH DATA ELEMENTS--GENERAL INFORMATION
fixed length control field data
035 ## - SYSTEM CONTROL NUMBER
System control number 24042547
010 ## - LIBRARY OF CONGRESS CONTROL NUMBER
LC control number 2025398056
015 ## - NATIONAL BIBLIOGRAPHY NUMBER
National bibliography number GBC299718
Source bnb
016 7# - NATIONAL BIBLIOGRAPHIC AGENCY CONTROL NUMBER
Record control number 020636110
Source Uk
020 ## - INTERNATIONAL STANDARD BOOK NUMBER
International Standard Book Number 9781529425109
Qualifying information (pbk.)
020 ## - INTERNATIONAL STANDARD BOOK NUMBER
Canceled/invalid ISBN 9781529428704
Qualifying information (ePub ebook)
035 ## - SYSTEM CONTROL NUMBER
System control number (OCoLC)1328026797
040 ## - CATALOGING SOURCE
Original cataloging agency UKMGB
Language of cataloging eng
Description conventions rda
Transcribing agency UKMGB
Modifying agency DLC
-- NZAUC
-- OCLCO
-- GP5
-- OCLCL
-- UKNYK
-- OCLCO
-- DLC
042 ## - AUTHENTICATION CODE
Authentication code lccopycat
072 #7 - SUBJECT CATEGORY CODE
Subject category code PHI
Source eflch
072 #7 - SUBJECT CATEGORY CODE
Subject category code PHI
Source ukslc
082 04 - DEWEY DECIMAL CLASSIFICATION NUMBER
Classification number 100
Edition information 23
100 1# - MAIN ENTRY--PERSONAL NAME
Personal name Dupré, Ben,
Relator term author.
Real World Object URI https://id.oclc.org/worldcat/entity/E39PCjyg4C4FjTXTMyYvqf3KQy
245 10 - TITLE STATEMENT
Title 50 philosophy ideas you really need to know /
Statement of responsibility, etc. Ben Dupré.
246 3# - VARYING FORM OF TITLE
Title proper/short title Fifty philosophy ideas you really need to know
264 #1 - PRODUCTION, PUBLICATION, DISTRIBUTION, MANUFACTURE, AND COPYRIGHT NOTICE
Place of production, publication, distribution, manufacture London :
Name of producer, publisher, distributor, manufacturer Greenfinch,
Date of production, publication, distribution, manufacture, or copyright notice 2022.
264 #4 - PRODUCTION, PUBLICATION, DISTRIBUTION, MANUFACTURE, AND COPYRIGHT NOTICE
Date of production, publication, distribution, manufacture, or copyright notice ©2007
300 ## - PHYSICAL DESCRIPTION
Extent 207 pages :
Other physical details illustrations (black and white) ;
Dimensions 18 cm
336 ## - CONTENT TYPE
Content type term text
Content type code txt
Source rdacontent
336 ## - CONTENT TYPE
Content type term still image
Content type code sti
Source rdacontent
337 ## - MEDIA TYPE
Media type term unmediated
Media type code n
Source rdamedia
338 ## - CARRIER TYPE
Carrier type term volume
Carrier type code nc
Source rdacarrier
500 ## - GENERAL NOTE
General note Originally published: 2007.
500 ## - GENERAL NOTE
General note Includes index.
520 ## - SUMMARY, ETC.
Summary, etc. "In a series of accessible and engaging essays, 50 Philosophy Ideas You Really Need to Know introduces and explains the problems of knowledge, consciousness, identity, ethics, belief, justice and aesthetics that have troubled the minds of great thinkers for centuries, from the ancient Greeks to the present day. From The brain in a vat to Plato's cave, Cogito ergo sum to The mind-body problem, this compact guide is the perfect introduction to central ideas of philosophy"--Publisher's description.
650 #0 - SUBJECT ADDED ENTRY--TOPICAL TERM
Topical term or geographic name entry element Philosophy.
650 #7 - SUBJECT ADDED ENTRY--TOPICAL TERM
Topical term or geographic name entry element philosophy.
Source of heading or term aat
650 #7 - SUBJECT ADDED ENTRY--TOPICAL TERM
Topical term or geographic name entry element Philosophy.
Source of heading or term eflch
650 #7 - SUBJECT ADDED ENTRY--TOPICAL TERM
Topical term or geographic name entry element Philosophy
Source of heading or term fast
650 #7 - SUBJECT ADDED ENTRY--TOPICAL TERM
Topical term or geographic name entry element Philosophy.
Source of heading or term ukslc
758 ## - RESOURCE IDENTIFIER
Relationship information has work:
Label 50 philosophy ideas you really need to know (Text)
Real World Object URI https://id.oclc.org/worldcat/entity/E39PCGmKVHrj46QCpP444cmV3P
Relationship https://id.oclc.org/worldcat/ontology/hasWork
776 08 - ADDITIONAL PHYSICAL FORM ENTRY
Relationship information ebook version :
International Standard Book Number 9781529428704
906 ## - LOCAL DATA ELEMENT F, LDF (RLIN)
a 0
b ibc
c copycat
d 2
e ncip
f 20
g y-gencatlg
925 0# -
-- acquire
-- 1 shelf copy
-- policy default
Holdings
Withdrawn status Lost status Damaged status Not for loan Home library Current library Shelving location Date acquired Total checkouts Full call number Barcode Date last seen Price effective from Koha item type
        Franklin Franklin General stacks 22/03/2026   100 LOC-FRL-00034 22/03/2026 22/03/2026 Books